Correlation of analyte structures with biosensor responses using the detection of phenolic estrogens as a model /
Đã lưu trong:
| 主要作者: | |
|---|---|
| 其他作者: | |
| 格式: | Bài viết |
| 语言: | English |
| 主题: | |
| 标签: |
添加标签
没有标签, 成为第一个标记此记录!
|
| Thư viện lưu trữ: | Thư viện Trường Đại học Đà Lạt |
|---|
| LEADER | 01023nam a2200337 4500 | ||
|---|---|---|---|
| 001 | DLU090097723 | ||
| 005 | ##20091201 | ||
| 040 | # | # | |a DLU |b eng |
| 041 | # | # | |a eng |
| 044 | # | # | |a us |
| 100 | # | # | |a Andreescu, Silvana. |
| 245 | # | # | |a Correlation of analyte structures with biosensor responses using the detection of phenolic estrogens as a model / |c Silvana Andreescu, Omowunmi A. Sadik. |
| 653 | # | # | |a Amperometry |
| 653 | # | # | |a Biosensors |
| 653 | # | # | |a Chemical sensors |
| 653 | # | # | |a Diethylstilbestrol |
| 653 | # | # | |a Enzymatic activity |
| 653 | # | # | |a Enzymatic method |
| 653 | # | # | |a Estrogen |
| 653 | # | # | |a Oxidation |
| 700 | # | # | |a Sadik, Omowunmi A. |
| 773 | # | # | |t Analytical Chemistry |g Vol. 76, no. 3 (February 2004), p. 552-560 |
| 920 | # | # | |a Phòng Tạp chí -- Trung tâm Thông tin - Thư viện Trường Đại học Đà Lạt |
| 994 | # | # | |a DLU |
| 900 | # | # | |a True |
| 911 | # | # | |a Trương Bảo Trâm Anh |
| 925 | # | # | |a G |
| 926 | # | # | |a A |
| 927 | # | # | |a BB |
| 980 | # | # | |a Thư viện Trường Đại học Đà Lạt |